=LDR 00000nam 2200000 4500 =001 INLIS000000000023216 =005 20130612121908 =008 ***********************************Ind** =035 ##$$0010-061300000023216 =041 ##$$a Ind =082 ##$$a 959.802 2 =090 ##$$a 959.802 2, Shi-h =100 ##$$a Shiraishi, Takashi =245 ##$$a Hantu Digoel, Politik pengamanan politik zaman kolonial, Takashi Shiraishi; Penerjemah, Endi Haryono, Nicolaus Loy, Nur Khoiron =260 ##$$a 2001 $b Yogyakarta =300 ##$$a x, 208 hlm., ilus, 21 cm =650 ##$$a Indonesia-Sejarah zaman kolonial =850 ##$$a NBPNMAT